| 000 | 00483nam a2200181Ia 4500 | ||
|---|---|---|---|
| 005 | 20250423095301.0 | ||
| 008 | 250422s9999 xx 000 0 und d | ||
| 020 | _a9780632010523 | ||
| 050 | _aR 853.S7 .K57/ | ||
| 100 | _aKirkwood, Betty R. | ||
| 245 | 0 | _aEssentials of medical statistics | |
| 260 | _aOxford | ||
| 260 | _bBlackwell Science Ltd. | ||
| 260 | _c1988 | ||
| 300 | _a234 p | ||
| 650 | _aMedicine--Research--Statistical methods. Medical statistics. | ||
| 942 | _cBK | ||
| 999 |
_c29805 _d29805 |
||